[Event "SVK-ch U16"]
[Site "Liptovsky Mikulas"]
[Date "2017.04.26"]
[Round "7"]
[White "Ciglian, Michal"]
[Black "Lopata, Daniel"]
[Result "1-0"]
[WhiteElo "1422"]
[BlackElo "1686"]
[PlyCount "63"]
[EventDate "2017.04.22"]
[EventType "swiss"]
[EventRounds "9"]
[EventCountry "SVK"]
[SourceTitle "CBM 178 Extra"]
[Source "ChessBase"]
[SourceDate "2017.06.22"]
[SourceVersion "1"]
[SourceVersionDate "2017.06.22"]
[SourceQuality "1"]

1. d4 d5 2. c4 e6 3. Nc3 Nf6 4. Nf3 Be7 5. Bf4 c6 6. c5 0-0 7. e3 Re8 8. Bd3 Nbd7 9. Qc2 h6 10. 0-0 Bxc5 11. Bxh6 gxh6 12. dxc5 e5 13. Bf5 e4 14. Nd4 Nxc5 15. f3 Qd6 16. fxe4 Ncxe4 17. Nxe4 Nxe4 18. Rf3 Bxf5 19. Nxf5 Qg6 20. Raf1 Re5 21. Qb3 Rb8 22. Qa3 Rbe8 23. Qxa7 Ng5 24. Rg3 Rxf5 25. Rxf5 Qxf5 26. h4 Qb1+ 27. Kh2 Qxb2 28. hxg5 Qe5 29. gxh6+ Kh7 30. Qxb7 Kxh6 31. Qxf7 c5 32. Qg6# 1-0

[Event "SVK-ch U16"]
[Site "Liptovsky Mikulas"]
[Date "2017.04.25"]
[Round "6"]
[White "Lopata, Daniel"]
[Black "Zahorcek, Jakub"]
[Result "1/2-1/2"]
[WhiteElo "1686"]
[BlackElo "1548"]
[PlyCount "30"]
[EventDate "2017.04.22"]
[EventType "swiss"]
[EventRounds "9"]
[EventCountry "SVK"]
[SourceTitle "CBM 178 Extra"]
[Source "ChessBase"]
[SourceDate "2017.06.22"]
[SourceVersion "1"]
[SourceVersionDate "2017.06.22"]
[SourceQuality "1"]

1. d4 d5 2. Nf3 Nf6 3. Bf4 Bf5 4. h3 c6 5. e3 h6 6. Bd3 Bxd3 7. Qxd3 e6 8. Nbd2 Bd6 9. Bxd6 Qxd6 10. c3 Nbd7 11. 0-0 0-0 12. e4 dxe4 13. Nxe4 Nxe4 14. Qxe4 Nf6 15. Qe5 Rad8 1/2-1/2

[Event "SVK-ch U14"]
[Site "Liptovsky Mikulas"]
[Date "2016.04.18"]
[Round "4"]
[White "Lopata, Daniel"]
[Black "Antal, Jakub"]
[Result "1/2-1/2"]
[WhiteElo "1576"]
[BlackElo "1722"]
[PlyCount "69"]
[EventDate "2016.04.16"]
[EventType "swiss"]
[EventRounds "9"]
[EventCountry "SVK"]
[SourceTitle "CBM 172 Extra"]
[Source "ChessBase"]
[SourceDate "2016.06.21"]
[SourceVersion "1"]
[SourceVersionDate "2016.06.21"]
[SourceQuality "1"]

1. d4 Nf6 2. c4 c5 3. d5 b5 4. cxb5 a6 5. bxa6 g6 6. Nc3 Bxa6 7. e4 Bxf1 8. Kxf1 d6 9. Nf3 Bg7 10. g3 Nbd7 11. Kg2 0-0 12. Re1 Nb6 13. Qc2 Ra6 14. a4 Qa8 15. b3 Ng4 16. Ra2 Ne5 17. Nxe5 Bxe5 18. Nb5 Rc8 19. Be3 Qb7 20. Rb1 Na8 21. Bd2 Nc7 22. Nxc7 Qxc7 23. Bc3 Bxc3 24. Qxc3 Qd7 25. Rc1 Rb8 26. Qd3 Qb7 27. Rc3 Ra5 28. Re2 Qa6 29. Qxa6 Rxa6 30. Ree3 Rb4 31. Kf3 Kf8 32. Ke2 Ra7 33. f4 Rb8 34. e5 Kg7 35. Kf3 1/2-1/2

[Event "SVK-ch U14"]
[Site "Liptovsky Mikulas"]
[Date "2016.04.17"]
[Round "2"]
[White "Lopata, Daniel"]
[Black "Varga, Lukas"]
[Result "1/2-1/2"]
[WhiteElo "1576"]
[BlackElo "1802"]
[PlyCount "119"]
[EventDate "2016.04.16"]
[EventType "swiss"]
[EventRounds "9"]
[EventCountry "SVK"]
[SourceTitle "CBM 172 Extra"]
[Source "ChessBase"]
[SourceDate "2016.06.21"]
[SourceVersion "1"]
[SourceVersionDate "2016.06.21"]
[SourceQuality "1"]

1. d4 Nf6 2. c4 g6 3. Nc3 d5 4. Nf3 Bg7 5. e3 0-0 6. Be2 b6 7. 0-0 Bb7 8. Bd2 Nbd7 9. Rc1 c5 10. b3 a6 11. Qc2 Rc8 12. Rfd1 cxd4 13. exd4 dxc4 14. bxc4 Qc7 15. Nb1 Rfe8 16. Qb3 Qb8 17. Na3 e5 18. d5 Ne4 19. Be3 Nec5 20. Qb1 Qd6 21. Nc2 Rb8 22. Nce1 Bc8 23. Qc2 Nf6 24. Bxc5 bxc5 25. Qa4 Bd7 26. Qa3 Rb4 27. Rb1 Reb8 28. Rxb4 Rxb4 29. Nc2 Rb6 30. Ne3 Ne8 31. Nd2 f5 32. Nb3 Bf8 33. Qc1 Qc7 34. Qc2 Nd6 35. Bd3 e4 36. Be2 Ba4 37. Rb1 Bg7 38. Qc1 Bxb3 39. Rxb3 Rxb3 40. axb3 Qa5 41. Qb1 Bd4 42. Nc2 Qd2 43. Qd1 Qc3 44. Na3 Qb2 45. Nb1 Bc3 46. Nxc3 Qxc3 47. Kf1 Kg7 48. Qb1 Qe5 49. Kg1 Kf6 50. Qa2 e3 51. f3 Qc3 52. h3 a5 53. Kh1 f4 54. Kh2 Qd2 55. Qa1+ Kg5 56. Qe5+ Nf5 57. h4+ Kh6 58. Qxf4+ Kg7 59. Qe5+ Kh6 60. Qf4+ 1/2-1/2

[Event "SVK-ch U14"]
[Site "Tatralandia"]
[Date "2015.04.24"]
[Round "8"]
[White "Zahorcek, Jakub"]
[Black "Lopata, Daniel"]
[Result "1-0"]
[WhiteElo "1238"]
[BlackElo "1204"]
[PlyCount "115"]
[EventDate "2015.04.18"]
[EventType "swiss"]
[EventRounds "9"]
[EventCountry "SVK"]
[SourceTitle "CBM 166 Extra"]
[Source "ChessBase"]
[SourceDate "2015.06.18"]
[SourceVersion "1"]
[SourceVersionDate "2015.06.18"]
[SourceQuality "1"]

1. e4 e6 2. Nf3 d5 3. exd5 exd5 4. d4 Nc6 5. Nc3 Bg4 6. Be3 Bb4 7. Be2 Nge7 8. 0-0 Qd7 9. Nb1 0-0-0 10. c3 Bd6 11. b4 Nf5 12. h3 Nxe3 13. fxe3 Bxf3 14. Bxf3 Ne7 15. Qd3 Kb8 16. Bg4 Qe8 17. Nd2 h5 18. Bf3 g5 19. e4 dxe4 20. Nxe4 Qg8 21. Nf6 Qg6 22. Qxg6 fxg6 23. Ne4 Bf4 24. g3 Bd6 25. Kg2 Nf5 26. Kf2 Rhe8 27. Nxd6 Nxd6 28. Rfe1 a6 29. Rac1 Nc4 30. Rxe8 Rxe8 31. Re1 Rxe1 32. Kxe1 Nd6 33. g4 h4 34. Ke2 Kc8 35. Kd3 Kd7 36. Be4 Nxe4 37. Kxe4 Kd6 38. c4 c6 39. a4 b6 40. d5 cxd5+ 41. cxd5 b5 42. a5 Kd7 43. Ke5 Ke7 44. d6+ Kd7 45. Kd5 Kd8 46. Kc6 Kc8 47. Kb6 Kd7 48. Kxa6 Kxd6 49. Kxb5 Ke5 50. a6 Kf4 51. a7 Kg3 52. a8Q Kxh3 53. Qf3+ Kh2 54. Kc5 Kg1 55. Qh3 Kf2 56. b5 Ke2 57. b6 Kf2 58. b7 1-0